000 00685nam a2200205 a 4500
001 000043831
005 20240301124514.0
008 140506s1974 sp 000 0 spa d
020 _a8430620702
040 _aDO-SdBNP
_bspa
_cBNPHU
100 1 _aBurgin, Richard
_971687
240 1 0 _aConversations with Jorge Luis Borges
_lespañol
245 1 0 _aConversaciones con Jorge Luis Borges /
_cRichard Burgin ; versión española de Manuel R. Coronado ; revisada por Roberto Yahne.
260 _aMadrid :
_bTaurus,
_c1974.
300 _a161 p. ;
_c22 cm.
490 1 _aPersles
_v70
700 1 2 _aCoronado, Manuel
_971688
700 1 2 _aYahne, Roberto
_971689
830 0 _aPersles
_v70
_971690
999 _c43320
_d43320